=LDR 00000nam 2200000 4500 =001 INLIS000000000036693 =005 20130612142450 =008 ***********************************Ind** =035 ##$$0010-061300000036693 =041 ##$$a Ind =082 ##$$a 641.5 =090 ##$$a 641.5, Erw g =100 ##$$a Erwin, Lily T =245 ##$$a Gemar makan ikan, kreasi olahan ikan tuna dan salmon, Lilly T. Erwin ; editor, Intarina Hardiman =260 ##$$a 2011 $b Jakarta =300 ##$$a 55 hlm, ilus, 22 cm =650 ##$$a Masakan resep =700 ##$$a hardiman, Intarina =850 ##$$a NBPNMAT